[Event "CFriend SH-2005-0-00043 email"]
[Site "Chessfriend.com"]
[Date "2005.10.31"]
[Round "1"]
[White "Mayer, Cristian"]
[Black "Aberbach, Angel"]
[Result "0-1"]
[WhiteElo "2140"]
[BlackElo "2156"]
[PlyCount "26"]
[EventDate "2005.10.31"]
[EventType "tourn (corr)"]
[EventRounds "6"]
[SourceTitle "Corr 2024"]
[Source "ChessBase"]
[SourceDate "2023.10.19"]
[SourceVersion "1"]
[SourceVersionDate "2023.10.19"]
[SourceQuality "1"]

1. Nf3 d5 2. c4 e6 3. d4 dxc4 4. e3 c5 5. Bxc4 Nf6 6. 0-0 a6 7. a4 Nc6 8. Qe2 cxd4 9. Rd1 Be7 10. exd4 0-0 11. Nc3 Nd5 12. Bd3 Ncb4 13. Bb1 b6 0-1

[Event "CFriend SH-2005-0-00043 email"]
[Site "Chessfriend.com"]
[Date "2005.10.31"]
[Round "1"]
[White "Ralls Ii, Richard Nelson"]
[Black "Aberbach, Angel"]
[Result "1/2-1/2"]
[WhiteElo "2077"]
[BlackElo "2156"]
[PlyCount "136"]
[EventDate "2005.10.31"]
[EventType "tourn (corr)"]
[EventRounds "6"]
[SourceTitle "Corr 2024"]
[Source "ChessBase"]
[SourceDate "2023.10.19"]
[SourceVersion "1"]
[SourceVersionDate "2023.10.19"]
[SourceQuality "1"]

1. e4 c5 2. Nf3 Nc6 3. d4 cxd4 4. Nxd4 Nf6 5. Nc3 e5 6. Ndb5 d6 7. Bg5 a6 8. Na3 b5 9. Bxf6 gxf6 10. Nd5 f5 11. c3 Bg7 12. exf5 Bxf5 13. Nc2 0-0 14. Nce3 Be6 15. Bd3 f5 16. Qh5 e4 17. Bc2 Ne7 18. Nf4 Qd7 19. Nxe6 Qxe6 20. Bb3 d5 21. 0-0 Kh8 22. Rad1 Rad8 23. Rd2 b4 24. cxb4 Qe5 25. Rc1 d4 26. Rc5 Qf6 27. Nf1 Rc8 28. Rxc8 Rxc8 29. Rc2 Rf8 30. Rc7 Ng6 31. Qd1 e3 32. fxe3 dxe3 33. Kh1 f4 34. Bc4 Qxb2 35. Bxa6 Qxb4 36. Be2 Nh4 37. Rc4 Qe7 38. Qd5 Qa3 39. Rc2 Qb4 40. Bd3 Ng6 41. Qh5 Qd6 42. Qb5 Ne5 43. Be2 Qg6 44. Rc7 Ng4 45. Rc6 Bf6 46. Qa6 Rg8 47. Bf3 Qf5 48. a4 Bg7 49. Qe2 Ne5 50. Rc1 Qd7 51. g3 Re8 52. Re1 Nd3 53. Rb1 Nf2+ 54. Kg2 Qxa4 55. gxf4 Qxf4 56. Ng3 Rd8 57. Qb5 Be5 58. Rb4 Qf6 59. Rb3 Rf8 60. Rxe3 Ng4 61. Rb3 Nxh2 62. Be2 Rg8 63. Re3 Bd4 64. Rd3 Ng4 65. Bxg4 Rxg4 66. Qd7 Qh4 67. Qd6 h5 68. Rxd4 Rxg3+ 1/2-1/2

[Event "CFriend WC-2004-F-00009"]
[Site "Chessfriend.com"]
[Date "2005.05.16"]
[Round "1"]
[White "Rahde, Frank"]
[Black "Aberbach, Angel"]
[Result "1/2-1/2"]
[WhiteElo "2107"]
[BlackElo "2156"]
[PlyCount "26"]
[EventDate "2005.??.??"]
[EventType "tourn (corr)"]
[EventRounds "6"]
[SourceTitle "Corr 2024"]
[Source "ChessBase"]
[SourceDate "2023.10.19"]
[SourceVersion "1"]
[SourceVersionDate "2023.10.19"]
[SourceQuality "1"]

1. c4 Nf6 2. Nc3 e5 3. e4 Bc5 4. h3 d6 5. g3 Nc6 6. Bg2 h5 7. d3 h4 8. g4 Nh7 9. Be3 Ng5 10. Qd2 Ne6 11. Nge2 g5 12. 0-0 a5 13. Nb5 Rg8 1/2-1/2

[Event "IECG TE.2003.P.01307 email"]
[Site "IECG email"]
[Date "2003.11.11"]
[Round "2"]
[White "Aberbach, Angel"]
[Black "Stanitz, Antal"]
[Result "0-1"]
[WhiteElo "2084"]
[BlackElo "1073"]
[PlyCount "45"]
[EventDate "2003.11.11"]
[EventType "tourn (corr)"]
[EventRounds "12"]
[SourceTitle "Corr 2024"]
[Source "ChessBase"]
[SourceDate "2023.10.19"]
[SourceVersion "1"]
[SourceVersionDate "2023.10.19"]
[SourceQuality "1"]

1. e4 c5 2. Nf3 Nc6 3. d4 cxd4 4. Nxd4 Nf6 5. Nc3 e6 6. Ndb5 Bb4 7. a3 Bxc3+ 8. Nxc3 d5 9. exd5 exd5 10. Bd3 0-0 11. 0-0 d4 12. Ne2 Bg4 13. Bg5 Qd6 14. Re1 Rfe8 15. Qd2 Nd5 16. c4 Bxe2 17. Bxe2 Nf6 18. Bd3 Ng4 19. Bf4 Qf6 20. b3 Nge5 21. Be4 Ng6 22. Bg5 Qd6 23. b4 0-1

[Event "IECG TE.2003.P.01307 email"]
[Site "IECG email"]
[Date "2003.11.11"]
[Round "1"]
[White "Eacker, Barry"]
[Black "Aberbach, Angel"]
[Result "1-0"]
[WhiteElo "1600"]
[BlackElo "2084"]
[PlyCount "42"]
[EventDate "2003.11.11"]
[EventType "tourn (corr)"]
[EventRounds "12"]
[SourceTitle "Corr 2024"]
[Source "ChessBase"]
[SourceDate "2023.10.19"]
[SourceVersion "1"]
[SourceVersionDate "2023.10.19"]
[SourceQuality "1"]

1. e4 c5 2. Nf3 Nc6 3. d4 cxd4 4. Nxd4 Nf6 5. Nc3 e6 6. Ndb5 d6 7. Bf4 e5 8. Bg5 a6 9. Na3 b5 10. Bxf6 gxf6 11. Nd5 Bg7 12. c3 f5 13. exf5 Bxf5 14. Nc2 0-0 15. Nce3 Be6 16. Bd3 f5 17. Qh5 e4 18. Bc2 Ne7 19. Rd1 b4 20. cxb4 a5 21. Bb3 Nxd5 1-0